| 000 | 00545nam a2200181 i 4500 | ||
|---|---|---|---|
| 001 | 146375 | ||
| 003 | ES-MaACL | ||
| 005 | 20230906201518.0 | ||
| 007 | t| | ||
| 008 | 070907m19841985mx ||||1| spa d | ||
| 020 | _a968-25-1079-1 | ||
| 245 | 0 | 0 |
_aTratado de Cirugía / _ceditor principal Raúl Romero Torres. |
| 260 |
_aMéxico : _bNueva Editorial Interamericana, _c1984-1985. |
||
| 300 |
_a2 v. : _bil. ; _c28 cm. |
||
| 504 | _aBibliografía. Indice. | ||
| 700 | 1 |
_aRomero Torres, Raúl. _999446 |
|
| 852 |
_aES-MaACL _jL-9365-6 _bR.111523 |
||
| 999 |
_c146375 _d146375 |
||